LEADER 00971nam a2200241 i 4500 001 000000072807 003 CaOOAMICUS 005 20090427000000.0 008 090427s1926 it u000 u ita u 013 $a43979 040 $aSeMil$bita 100 1 $aZuccante, Giuseppe.$0(OLS)http://semarc/name/34314 245 10$aAristotele e la morale /$cGiuseppe Zuccante. 260 $aFirenze :$bVallecchi,$cstampa 1926$e(Rocca San Casciano :$fCappelli,$gstampa 1926) 300 $a269 p. ;$c20 cm. 490 0 $aIl pensiero moderno ;$v22 500 $aL. 12. 650 4$aAristotele <384-322 a.C.> - Etica e morale.$0(OLS)http://semarc/subject/10463 830 3$aIl pensiero moderno ;$v22.$0(OLS)http://semarc/title/15114 850 $aSeMil 852 $aSeMil$W1$xVenegono$y1$m2Q III 9$j38960$B38960$CSeMilBibl$Z2$F38963 $81 996 $6245$aAristotele e la morale$9(OLS)http://semarc/title/117464 996 $6260$aFirenze :$bVallecchi$9(OLS)http://semarc/publisher/29768 LEADER 01439nam a2200313 i 4500 001 000000109127 003 CaOOAMICUS 005 20080812000000.0 008 080812s1995 it u000 u ita u 013 $a81807 020 $a88-343-3979-7 040 $aSeMil$bita 100 1 $aLandsberg, Paul Ludwig,$d<1901-1944>.$0(OLS)http://semarc/name/6149 240 10$aEssai sur l'expérience de la mort et le problème moral du suicide.$0(OLS)http://semarc/title/158365 245 13$aIl silenzio infedele :$bsaggio sull'esperienza della morte /$cPaul-Louis Landsberg ; prefazione di Virgilio Melchiorre. 260 $aMilano :$bVita e Pensiero,$cc1995. 300 $a119 p. ;$c19 cm. 490 0 $aLectures ;$v4 500 $aIn appendice: Il problema morale del suicidio. - Fondo Card. C.M. Martini. 650 4$aMorte - Concetto.$0(OLS)http://semarc/subject/14367 700 1 $aMelchiorre, Virgilio,$d<1931- >.$0(OLS)http://semarc/name/2878 830 0$aLectures ;$v4.$0(OLS)http://semarc/title/10211 850 $aSeMil 852 $aSeMil$W1$xVenegono$y1$m2P II 125$j65141$B65141$CSeMilBibl$Z2$F92252 $81 941 1 $a4 961 $aOmaggio: Martini Card. Carlo Maria 996 $6020$a88-343-3979-7$9(OLS)http://semarc/number/90325 996 $6245$aIl silenzio infedele :$bsaggio sull'esperienza della morte$9(OLS)http://semarc/title/158364 996 $6260$aMilano :$bVita e Pensiero$9(OLS)http://semarc/publisher/29642